01425nam a2200289 i 4500001000300000111006700003245016700070260004600237300004200283490024300325500002600568500003000594504005200624650001700676650001400693655002900707700003400736711007400770830010900844040000800953041001900961080004100980942000701021008004101028999001701069952004901086bg2 aBiomechanika '94n(12 ;d1994 ;cWrocław-Szklarska Poręba).00aBiomechanika '94 =bBiomechanics '94 : XII Szkoła Biomechaniki, Wrocław-Szklarska Poręba, 20-23 października 1994 r. /c[red. Romuald Będziński et al.]. aWrocław :bOficyna Wydawnicza PW,c1994. a354 s. :bfot., rys., wykr. ;c30 cm.1 aPrace Naukowe Instytutu Konstrukcji i Eksploatacji Maszyn Politechniki Wrocławskiej. Konferencje =aScientific Papers of the Institute of Machine Design and Operation of the Technical University of Wrocław. Conferences,x0324-9646 ;v21 aTekst częśc. ang. aNumeracja ser. gł. : 75. aBibliogr., streszcz., summ. przy ref. - Indeks. 9aBiomechanika 9aChirurgia aMateriały konferencyjne1 aBĘDZIŃSKI, Romuald.eRed.2 aSzkoła Biomechanikin(12 ;d1994 ;cWrocław-Szklarska Poręba)eak 0aPrace Naukowe Instytutu Konstrukcji i Eksploatacji Maszyn Politechniki Wrocławskiej.pKonferencje ;v21 cBPK0 aengpolbengpol a611.7:531:617:615.47:796.015](061.3) cKS s pl f |000 0 pol  c30772d30772 00104070aBPKbBPKcwo37617p01082913yKS